Marketing channels: (Record no. 209639)
[ view plain ]
| 000 -LEADER | |
|---|---|
| fixed length control field | 00725nam a2200229Ia 4500 |
| 003 - CONTROL NUMBER IDENTIFIER | |
| control field | OSt |
| 005 - DATE AND TIME OF LATEST TRANSACTION | |
| control field | 20240404153401.0 |
| 008 - FIXED-LENGTH DATA ELEMENTS--GENERAL INFORMATION | |
| fixed length control field | 210716s2014 xx 000 0 und d |
| 020 ## - INTERNATIONAL STANDARD BOOK NUMBER | |
| International Standard Book Number | 9788131518427 |
| 040 ## - CATALOGING SOURCE | |
| Transcribing agency | AIMIT LIBRARY |
| 041 ## - LANGUAGE CODE | |
| Language code of text/sound track or separate title | eng |
| 082 ## - DEWEY DECIMAL CLASSIFICATION NUMBER | |
| Classification number | 658.84 |
| Edition number | 8 |
| Item number | ROSB |
| 100 ## - MAIN ENTRY--PERSONAL NAME | |
| Personal name | Rosenbloom, Bert. |
| 9 (RLIN) | 158658 |
| 245 ## - TITLE STATEMENT | |
| Title | Marketing channels: |
| Remainder of title | management view / |
| Statement of responsibility, etc. | By Bert Rosenbloom. |
| 250 ## - EDITION STATEMENT | |
| Edition statement | 8th ed. |
| 260 ## - PUBLICATION, DISTRIBUTION, ETC. | |
| Place of publication, distribution, etc. | New Delhi : |
| Name of publisher, distributor, etc. | Cengage Learning , |
| Date of publication, distribution, etc. | 2014. |
| 300 ## - PHYSICAL DESCRIPTION | |
| Extent | xxiii,660p. ; |
| Other physical details | PB |
| Dimensions | 25.3 cm |
| 650 ## - SUBJECT ADDED ENTRY--TOPICAL TERM | |
| Topical term or geographic name entry element | Marketing channel systems |
| 9 (RLIN) | 158659 |
| 650 ## - SUBJECT ADDED ENTRY--TOPICAL TERM | |
| Topical term or geographic name entry element | Managing the marketing channel |
| 9 (RLIN) | 158660 |
| 650 ## - SUBJECT ADDED ENTRY--TOPICAL TERM | |
| Topical term or geographic name entry element | Additional perspectives on marketing channels |
| 9 (RLIN) | 158661 |
| 942 ## - ADDED ENTRY ELEMENTS (KOHA) | |
| Source of classification or shelving scheme | Dewey Decimal Classification |
| Koha item type | Book |
| Edition | 8th |
| Call number prefix | 658.84 ROSB |
| Withdrawn status | Lost status | Source of classification or shelving scheme | Damaged status | Not for loan | Collection code | Home library | Current library | Date acquired | Cost, normal purchase price | Inventory number | Total Checkouts | Full call number | Barcode | Date last seen | Cost, replacement price | Price effective from | Koha item type | Source of acquisition |
|---|---|---|---|---|---|---|---|---|---|---|---|---|---|---|---|---|---|---|
| Dewey Decimal Classification | MBA | St Aloysius Institute of Management & Information Technology | St Aloysius Institute of Management & Information Technology | 02/16/2016 | 599.00 | Bill no:393; Bill dt:2016-02-11 | 658.84 ROSB | MBA12205 | 05/23/2026 | 479.20 | 07/16/2021 | Book | ||||||
| Dewey Decimal Classification | Reference Book | MBA | St Aloysius Institute of Management & Information Technology | St Aloysius Institute of Management & Information Technology | 03/09/2024 | 775.00 | Bill no:8339; Bill dt:2024-03-04 | 658.84 ROSB | MBA14727 | 07/21/2025 | 620.00 | 04/04/2024 | Book | Biblios Book Point |